Detalles MARC
| 000 -CABECERA |
| campo de control de longitud fija |
03321cam a2200289 i 4500 |
| 001 - NÚMERO DE CONTROL |
| campo de control |
15633 |
| 003 - IDENTIFICADOR DEL NÚMERO DE CONTROL |
| campo de control |
DO-SdUEMH |
| 005 - FECHA Y HORA DE LA ÚLTIMA TRANSACCIÓN |
| campo de control |
20251229213843.0 |
| 007 - CAMPO FIJO DE DESCRIPCIÓN FÍSICA--INFORMACIÓN GENERAL |
| campo de control de longitud fija |
ta |
| 008 - DATOS DE LONGITUD FIJA--INFORMACIÓN GENERAL |
| campo de control de longitud fija |
211105s2009 dr |||gr|||| 000 0dspa|d |
| 020 ## - NÚMERO INTERNACIONAL ESTÁNDAR DEL LIBRO |
| Número Internacional Estándar del Libro |
9789945020823 |
| 040 ## - FUENTE DE LA CATALOGACIÓN |
| Centro catalogador/agencia de origen |
DO-SdUEMH |
| Lengua de catalogación |
spa |
| Normas de descripción |
rda |
| 041 ## - CÓDIGO DE LENGUA |
| Código de lengua del texto/banda sonora o título independiente |
spa |
| 082 14 - NÚMERO DE LA CLASIFICACIÓN DECIMAL DEWEY |
| Colección |
Colección Dominicana |
| Número de clasificación |
RD 199.7293 A673F |
| Número de documento/Ítem |
M385f |
| 084 ## - OTRO NÚMERO DE CLASIFICACIÓN |
| Item number |
13-00023 |
| 100 ## - ENTRADA PRINCIPAL--NOMBRE DE PERSONA |
| Nombre de persona |
Martínez Jiménez, Lucitania Francisca |
| Término indicativo de función/relación |
autora |
| 245 10 - MENCIÓN DE TÍTULO |
| Título |
Filosofía dominicana: pasado y presente / |
| Mención de responsabilidad, etc. |
Lusitania Francisca Martínez Jiménez ; compiladora: Lusitania Francisca Martínez Jiménez |
| 260 ## - PUBLICACIÓN, DISTRIBUCIÓN, ETC. |
| Date of publication, distribution, etc. |
2009 |
| 264 01 - PRODUCCIÓN, PUBLICACIÓN, DISTRIBUCIÓN, FABRICACIÓN Y COPYRIGHT |
| Lugar de producción, publicación, distribución, fabricación |
Santo Domingo, República Dominicana : |
| Nombre del de productor, editor, distribuidor, fabricante |
Banco Central de la República Dominicana, |
| Fecha de producción, publicación, distribución, fabricación o copyright |
2009 |
| 300 ## - DESCRIPCIÓN FÍSICA |
| Extensión |
560 paginas ; |
| Dimensiones |
23 cm |
| 336 ## - TIPO DE CONTENIDO |
| Fuente |
rdacontent |
| Término de tipo de contenido |
texto |
| Código de tipo de contenido |
txt |
| 337 ## - TIPO DE MEDIO |
| Fuente |
rdamedia |
| Nombre del tipo de medio |
sin mediación |
| Código del tipo de medio |
n |
| 338 ## - TIPO DE SOPORTE |
| Fuente |
rdacarrier |
| Nombre del tipo de soporte |
volumen |
| Código del tipo de soporte |
nc |
| 505 #1 - NOTA DE CONTENIDO CON FORMATO |
| Nota de contenido con formato |
Tomo I. Introducción / Lusitania F. Martínez Jiménez -- Estudios sobre la reificación en Georg Lukács -- Pensamiento filosófico dominicano en los siglos XVIII y XIX -- Antonio Sánchez Valverde -- Andrés López de Medrano y su Lógica -- Pedro Francisco Bonó y la crítica social dominicana -- Filosofía e ideas socialistas en la República Dominicana -- Pensamiento político pre-socialista (1920-1930) -- Positivismo y religión de la humanidad -- Ideas pedagógicas de Eugenio María de Hostos -- Filosofía dominicana durante el período de Trujillo -- Categorialismo y crítica a la ética kantiana -- Filosofía de lo ético y metafísica categorial -- Pensamiento filosófico del siglo XX -- Feminismo y pensamiento social dominicano -- Bergsonismo -- Gnoseología orteguiana -- Existencialismo -- Axiología, ética y legitimación social -- Fundamentos ético-pedagógicos.<br/>Tomo II. Reflexiones sobre la existencia de un pensamiento filosófico dominicano -- Filosofía, lógica, ciencia y psicología -- Conocimiento poético y conocimiento filosófico -- Filosofía, veracidad y originalidad -- Conductismo y filosofía -- Filosofía de la ciencia (Kant y la lógica; Popper y el falsacionismo) -- Filosofía y fe cristiana -- Identidad, historia, cultura y espiritualidad del pueblo dominicano -- Historia, nación y pensamiento político-cultural -- Tragedia ideológica del pensamiento dominicano -- Antología de ensayos filosóficos -- Crítica de la razón dominicana -- Pensamiento latinoamericano -- Identidad narrativa y nacionalidad dominicana -- Ideología del progreso -- Ensayos sobre lo dominicano.<br/>Tomo III. Postmodernidad y pensamiento contemporáneo -- Analítica existencial y fenomenología (Heidegger) -- Postmodernidad y hermenéutica filosófica -- Filosofía de la complejidad y epistemología contemporánea -- Crítica al paradigma científico moderno (Kuhn, Wundt) -- Modernidad y postmodernidad -- Filosofía y ciberespacio -- Pensamiento filosófico dominicano contemporáneo -- Filosofía, mujer y cultura -- Feminismo y pensamiento de las mujeres -- Filosofía social y política (Spinoza, Aristóteles) -- Axiología y teorías del valor -- Hannah Arendt y la condición humana -- Panorama socrático -- Pensamiento filosófico de Pedro Henríquez Ureña -- Educación científica y mujer -- Existencialismo y filosofía de la libertad -- Advertencia final. |
| 942 ## - ELEMENTOS DE PUNTO DE ACCESO ADICIONAL (KOHA) |
| Fuente del sistema de clasificación o colocación |
Dewey Decimal Classification |
| Tipo de ítem Koha |
Libro |
| Suprimir en OPAC |
No |